000 00511nam a22001697a 4500
008 140904b xxu||||| |||| 00| 0 eng d
020 _a0406031754
050 _aKD288.A64(1994 vol. 4)
245 _aThe All England law reports 1994 (vol.4). /
_cedited by Peter Hutchesson and Caroline Vandridge-Ames
260 _aLondon:
_bButterworth,
_c1994.
300 _axx, 1088p.:
_c25cm.
440 _vVol. 4
500 _aIncludes index
700 _aHutchesson, Peter
700 _aWatson, Brook
942 _2lcc
_cBK
999 _c4282
_d11782